The wealth report 2012 (Record no. 109421)
[ view plain ]
| 000 -LEADER | |
|---|---|
| fixed length control field | 01402cad a22002175a 4500 |
| 001 - CONTROL NUMBER | |
| control field | L147039 |
| 008 - FIXED-LENGTH DATA ELEMENTS--GENERAL INFORMATION | |
| fixed length control field | 120412s2012 xxkd f s 000 0 eng d |
| 035 ## - SYSTEM CONTROL NUMBER | |
| System control number | (Sirsi) u147039 |
| 041 0# - LANGUAGE CODE | |
| Language code of text/sound track or separate title | eng |
| 110 2# - MAIN ENTRY--CORPORATE NAME | |
| Corporate name or jurisdiction name as entry element | Knight Frank |
| 9 (RLIN) | 1530 |
| 245 04 - TITLE STATEMENT | |
| Title | The wealth report 2012 |
| Medium | [electronic resource] |
| 260 ## - PUBLICATION, DISTRIBUTION, ETC. | |
| Place of publication, distribution, etc. | London |
| Name of publisher, distributor, etc. | Think Publishing |
| Date of publication, distribution, etc. | 2012 |
| 520 ## - SUMMARY, ETC. | |
| Summary, etc. | Reports on the Knight Frank Prime International Residential Index (PIRI) and attitudes of high net worth individuals (HNWIs) who held a portfolio in the prime residential market in 2012. Examines international commercial market opportunities. Notes the emergence of new wealth hot spots in South East Asia, China, India and Latin America. Knight Frank Global Cities Survey and Citi Private Bank's EIU Global City Index ranks London and New as the most influential cities in 2022 with San Paulo, Miami, Dubai, Mumbai and Istanbul emerging as key global centres. Predicts that Shanghai will be the leading global centre by 2050. Databank presents statistical results of, PIRI, Global Cities and Attitudes surveys. |
| 590 ## - LOCAL NOTE (RLIN) | |
| Local note | KA NTK |
| 651 #4 - SUBJECT ADDED ENTRY--GEOGRAPHIC NAME | |
| Geographic name | International |
| 690 ## - LOCAL SUBJECT ADDED ENTRY--TOPICAL TERM (OCLC, RLIN) | |
| Topical term or geographic name as entry element | Residential property |
| 9 (RLIN) | 6266 |
| 690 ## - LOCAL SUBJECT ADDED ENTRY--TOPICAL TERM (OCLC, RLIN) | |
| Topical term or geographic name as entry element | Commercial property |
| 9 (RLIN) | 6227 |
| 710 2# - ADDED ENTRY--CORPORATE NAME | |
| Corporate name or jurisdiction name as entry element | Citi Private Bank |
| 9 (RLIN) | 5312 |
| 856 48 - ELECTRONIC LOCATION AND ACCESS | |
| Uniform Resource Identifier | <a href="https://content.knightfrank.com/research/83/documents/en/2012-800.pdf">https://content.knightfrank.com/research/83/documents/en/2012-800.pdf</a> |
| Public note | View the item free of charge at www.knightfrank.com/wealthreport |
| 942 ## - ADDED ENTRY ELEMENTS (KOHA) | |
| Suppress in OPAC | 0 |
| Withdrawn status | Lost status | Source of classification or shelving scheme | Damaged status | Not for loan | Home library | Current library | Shelving location | Date acquired | Total Checkouts | Full call number | Barcode | Date last seen | Copy number | Price effective from | Koha item type |
|---|---|---|---|---|---|---|---|---|---|---|---|---|---|---|---|
| Dewey Decimal Classification | Virtual | Virtual | Online | 25/03/2009 | ONLINE PUBLICATION | 147039-2001 | 06/08/2019 | 1 | 06/08/2019 | Book |